Tuyển chọn và hướng dẫn giải bài tập hình học họa hình

Dùng cho các trường đại học - cao đẳng khối kỹ thuật

Bewaard in:
Bibliografische gegevens
Hoofdauteur: Nguyễn, Mạnh Dũng
Andere auteurs: Nguyễn Quang Cự
Formaat: Boek
Taal:Undetermined
Gepubliceerd in: H. Giáo dục 2007
Onderwerpen:
Online toegang:http://lrc.tdmu.edu.vn/opac/search/detail.asp?aID=2&ID=3221
Tags: Voeg label toe
Geen labels, Wees de eerste die dit record labelt!
Thư viện lưu trữ: Trung tâm Học liệu Trường Đại học Thủ Dầu Một
LEADER 00762nam a2200217Ia 4500
001 TDMU_3221
008 210410s9999 xx 000 0 und d
082 |a 516.076 
090 |b N4994 
100 |a Nguyễn, Mạnh Dũng 
245 0 |a Tuyển chọn và hướng dẫn giải bài tập hình học họa hình 
245 0 |c Nguyễn Mạnh Dũng 
260 |a H. 
260 |b Giáo dục 
260 |c 2007 
300 |a 190tr. 
520 |a Dùng cho các trường đại học - cao đẳng khối kỹ thuật 
650 |a Hình học 
700 |a Nguyễn Quang Cự 
856 |u http://lrc.tdmu.edu.vn/opac/search/detail.asp?aID=2&ID=3221 
980 |a Trung tâm Học liệu Trường Đại học Thủ Dầu Một